Star academy (2024) - Candidats ayant gagné l'immunité - Statistiques

Statistiques générales
  • Ce quiz a été pris 303 fois
    170 depuis la dernière actualisation
  • Le résultat moyen est 7 sur 11
Statistiques - réponses
Semaine Vainqueur de l'immunité % Correct
1 Marine
97%
2 Maureen
77%
12 Ebony
66%
3 Masseo & Emma
66%
6 Ebony
64%
8 Ebony, Franck, Maïa & Marguerite
64%
5 Marine
64%
10 Charles
59%
9 Ebony
58%
4 Marguerite
55%
7 Marguerite & Maureen
52%
Aucun quiz correspondant
Distribution des résultats
% des personnes avec chaque résultat
Percentile par nombre de réponses
Votre historique - résultats
Vous n’avez pas pris ce quiz depuis la dernière actualisation